00689nam a2200193Ia 4500003000900000008004100009040001600050080001500066100003100081245011200112260004000224300001300264490004100277650002000318650001900338942000700357999001500364952011600379IN-BaIIA211028s9999 xx 000 0 eng d cIIA Library a681.3bHEM aHemmerle, William J.96159 0aStatistical computations on a digital computercWilliam J. Hemmerle  aWalthambBlaisdell Publishingc1967 ax, 230p. aA blaisdell book in computer science aComputers92283 aNASA Thesaurus cBK c3482d3482 00104070aBANbBANcGENd1970-05-23g54.00l0o681.3/ HEMp3879r2021-11-05v54.00w1970-05-23yBKGRs. 54.00